| 000 -LEADER |
| fixed length control field |
00425pab a2200145 454500 |
| 008 - FIXED-LENGTH DATA ELEMENTS--GENERAL INFORMATION |
| fixed length control field |
180718b2010 xxu||||| |||| 00| 0 eng d |
| 100 ## - MAIN ENTRY--PERSONAL NAME |
| Personal name |
Mathews, John A. |
| 245 ## - TITLE STATEMENT |
| Title |
Lachmannian insights into strategic entrepreneurship: resources, activities and routines in a disequilibrium world |
| 260 ## - PUBLICATION, DISTRIBUTION, ETC. |
| Date of publication, distribution, etc. |
2010 |
| 300 ## - PHYSICAL DESCRIPTION |
| Extent |
p.219-44. |
| 650 ## - SUBJECT ADDED ENTRY--TOPICAL TERM |
| Topical term or geographic name entry element |
Entrepreneurs |
| 773 ## - HOST ITEM ENTRY |
| Main entry heading |
Organization Studies |
| 908 ## - PUT COMMAND PARAMETER (RLIN) |
| Put command parameter |
N |
| 909 ## - |
| -- |
85774 |